Homonimies / A. Griera
Publicado:
San Cugat del Vallés :
Instituto Internacional de Cultura Románica de la Excma. Diputación Provincial de Barcelona ,
1967
Descripción Física:
109 p. ; 26 cm
Colección:
Biblioteca filológica histórica ; 22
Materias:
Català -- Homònims
MARC
| LEADER | 00000nam a2200000Ia 4500 | ||
|---|---|---|---|
| 001 | 1673 | ||
| 008 | 160829s1967 xx 000 0 cat d | ||
| 080 | |a L-1-290 | ||
| 100 | 1 | |a Griera, A. |q (Antoni), |d 1887-1973 |9 36434 | |
| 245 | |a Homonimies / A. Griera | ||
| 260 | |a San Cugat del Vallés : |b Instituto Internacional de Cultura Románica de la Excma. Diputación Provincial de Barcelona, |c 1967 | ||
| 300 | |a 109 p. ; |c 26 cm | ||
| 490 | |a Biblioteca filológica histórica ; 22 | ||
| 590 | |a Textos en català, castellà i francès. | ||
| 590 | |a Bibliografia | ||
| 650 | |a Català |x Homònims |9 24899 | ||
| 710 | 1 | |a Barcelona (Catalunya : Província). |b Diputació |9 52408 | |
| 710 | 2 | |a Instituto Internacional de Cultura Románica |9 54313 | |
| 901 | |a Arxiu | ||
| 942 | |n 1 | ||
| 952 | |0 0 |1 0 |4 0 |6 L1290 |7 1 |9 43366 |a Arxiu |b Arxiu |d 2016-12-01 |l 0 |o L-1-290 |p 1673 |r 2016-12-01 00:00:00 |w 2016-12-01 |y ARXIU | ||
| 999 | |c 45911 |d 45911 | ||